ბათუმის შოთა რუსთაველის სახელმწიფო უნივერსიტეტის ბიბლიოთეკა

2274:C Managing a Microsoft Windows Server 2003 Environment course (ბიბ.ჩანაწერი № 47641)

000 -LEADER
fixed length control field 00568nam a2200181Ia 4500
001 - CONTROL NUMBER
control field 14510
003 - CONTROL NUMBER IDENTIFIER
control field GE_BSU
008 - FIXED-LENGTH DATA ELEMENTS--GENERAL INFORMATION
fixed length control field 181216s||||||||xx |||||||||||||| ||und||
040 ## - CATALOGING SOURCE
Transcribing agency GE_BSU
080 ## - UNIVERSAL DECIMAL CLASSIFICATION NUMBER
Universal Decimal Classification number 004.43
245 ## - TITLE STATEMENT
Title 2274:C Managing a Microsoft Windows Server 2003 Environment course
260 ## - PUBLICATION, DISTRIBUTION, ETC.
Date of publication, distribution, etc. 2005
300 ## - PHYSICAL DESCRIPTION
Extent 452p.ill.28cm.
653 ## - INDEX TERM--UNCONTROLLED
Uncontrolled term 2274:C Managing a Microsoft Windows Server 2003 Environment course
653 ## - INDEX TERM--UNCONTROLLED
Uncontrolled term ინფორმატიკა
653 ## - INDEX TERM--UNCONTROLLED
Uncontrolled term საინფორმაციო ტექნოლოგიები
942 ## - ADDED ENTRY ELEMENTS (KOHA)
Koha item type წიგნი
ეგზემპლარები
Withdrawn status Lost status Damaged status Not for loan Date acquired Barcode Date last seen Price effective from Koha item type
        2018-12-17 37597 2018-12-17 2018-12-17 წიგნი